| 000 | 01213nam a22002417a 4500 | ||
|---|---|---|---|
| 999 |
_c22113 _d22113 |
||
| 003 | AR-CdUCM | ||
| 008 | 190425b ||||| |||| 00| 0 spa d | ||
| 040 |
_aMUNICIPALIDAD PROVINCIAL DEL CUSCO _cBIBLIOTECA MUNICIPAL DEL CUSCO |
||
| 082 | _aSieteculebras/N°21/2006 | ||
| 245 |
_aSiete culebras : _bRevista de cultura andina / _cMario Guevara Paredes, Director |
||
| 260 |
_aCusco : _bSieteculebras, _c2006. |
||
| 300 |
_a82 páginas. : _bilustraciones ; _c30 cm. |
||
| 440 |
_aRevista Siete Culebras. _njulio, octubre 2006, N°21 _947465 |
||
| 505 | _aContenido: Convergencia y evasión en la narrativa peruana 1980-2006. Mario Suarez Simich. -- Poesía. Orlando Granda. -- Cinco propuestas para leer a Ítalo Calvino. Luis Beiro. -- Inkarri y J. M. Arguedas construcciones y desconstrucciones de un mito mesiánico. Juan Zevallos Aguilar. -- Diario de Música. Fredy Amílcar Roncalla. -- Calendario Inka. Inkaqyupin. ... | ||
| 650 |
_aLiteratura cusqueña _947453 |
||
| 650 |
_aNarradores cusqueños _931142 |
||
| 650 |
_aLiteratos cusqueños _944145 |
||
| 650 |
_aPoesía _947456 |
||
| 700 |
_aGuevara Paredes, Mario _96574 |
||
| 700 |
_aRoncalla, Fredy Amílcar _97225 |
||
| 942 |
_2ddc _cPP |
||
| 945 | _arac | ||